[Event "Oberliga Nord N 1718"]
[Site "Germany"]
[Date "2017.10.23"]
[Round "2.2"]
[White "Schroeder, Christoph"]
[Black "Riess, Alexander"]
[Result "1/2-1/2"]
[WhiteElo "2195"]
[BlackElo "2314"]
[PlyCount "66"]
[EventDate "2017.10.08"]
[EventType "team-tourn"]
[EventRounds "9"]
[EventCountry "GER"]
[SourceTitle "EXT 2019"]
[Source "ChessBase"]
[SourceDate "2018.10.10"]
[SourceVersion "1"]
[SourceVersionDate "2018.10.10"]
[SourceQuality "1"]
[WhiteTeam "Eppendorf Johanneum"]
[BlackTeam "Luebeck"]
[WhiteTeamCountry "GER"]
[BlackTeamCountry "GER"]

1. d4 Nf6 2. Nf3 g6 3. c4 Bg7 4. e3 0-0 5. Be2 c5 6. d5 e6 7. Nc3 exd5 8. cxd5 d6 9. 0-0 Re8 10. Re1 a6 11. a4 Ne4 12. Nxe4 Rxe4 13. Nd2 Re8 14. Nc4 Qc7 15. Qb3 Nd7 16. Bd2 Rb8 17. a5 b5 18. axb6 Nxb6 19. Ba5 Nxc4 20. Bxc7 Rxb3 21. Bxc4 Rb4 22. Bxa6 Rxb2 23. Bxc8 Rxc8 24. Ra7 Rd2 25. Bxd6 Rxd5 26. Rc7 Rxc7 27. Bxc7 Bc3 28. Rb1 Bd2 29. e4 Rd3 30. Kf1 c4 31. Ke2 Rd7 32. Rb8+ Kg7 33. Rd8 Rxc7 1/2-1/2

[Event "Wch U16"]
[Site "Montevideo"]
[Date "2017.09.25"]
[Round "10"]
[White "Riess, Alexander"]
[Black "Agibileg, Uurtsaikh"]
[Result "0-1"]
[WhiteElo "2353"]
[BlackElo "2133"]
[PlyCount "70"]
[EventDate "2017.09.17"]
[EventType "swiss"]
[EventRounds "11"]
[EventCountry "URU"]
[SourceTitle "EXT 2018"]
[Source "ChessBase"]
[SourceDate "2017.10.13"]
[SourceVersion "1"]
[SourceVersionDate "2017.10.13"]
[SourceQuality "1"]

1. d4 Nf6 2. c4 g6 3. Nc3 Bg7 4. e4 d6 5. Nf3 0-0 6. Be2 e5 7. d5 Na6 8. 0-0 Nc5 9. Qc2 a5 10. Bg5 h6 11. Be3 b6 12. Nd2 Bg4 13. f3 Bd7 14. b3 Nh5 15. Rfe1 Bf6 16. Bf1 Bg5 17. Bf2 f5 18. exf5 gxf5 19. g3 Be8 20. Rad1 Bg6 21. a3 Kh7 22. Bg2 Bxd2 23. Rxd2 f4 24. Qd1 fxg3 25. hxg3 Qg5 26. b4 axb4 27. axb4 Ra3 28. Nb5 Rd3 29. bxc5 Rxd2 30. Qc1 bxc5 31. f4 Nxf4 32. gxf4 Qxf4 33. Bg3 Rxg2+ 34. Kxg2 Qf3+ 35. Kh2 Rf5 0-1

[Event "Lueneburg IM"]
[Site "Lueneburg"]
[Date "2017.07.15"]
[Round "8"]
[White "Riess, Alexander"]
[Black "Genov, Petar"]
[Result "1/2-1/2"]
[WhiteElo "2321"]
[BlackElo "2458"]
[PlyCount "20"]
[EventDate "2017.07.08"]
[EventType "tourn"]
[EventRounds "9"]
[EventCountry "GER"]
[EventCategory "2"]
[SourceTitle "CBM 179 Extra"]
[Source "ChessBase"]
[SourceDate "2017.08.23"]
[SourceVersion "1"]
[SourceVersionDate "2017.08.23"]
[SourceQuality "1"]

1. d4 Nf6 2. c4 e6 3. Nc3 Bb4 4. Qc2 d6 5. Nf3 Nbd7 6. a3 Bxc3+ 7. Qxc3 0-0 8. g3 b6 9. Bg2 Bb7 10. 0-0 Qe7 1/2-1/2

[Event "Lueneburg IM"]
[Site "Lueneburg"]
[Date "2017.07.11"]
[Round "4"]
[White "Riess, Alexander"]
[Black "Oussedik, Mahfoud"]
[Result "1-0"]
[WhiteElo "2321"]
[BlackElo "2366"]
[PlyCount "87"]
[EventDate "2017.07.08"]
[EventType "tourn"]
[EventRounds "9"]
[EventCountry "GER"]
[EventCategory "2"]
[SourceTitle "CBM 179 Extra"]
[Source "ChessBase"]
[SourceDate "2017.08.23"]
[SourceVersion "1"]
[SourceVersionDate "2017.08.23"]
[SourceQuality "1"]

1. d4 Nf6 2. c4 c5 3. d5 g6 4. Nc3 Bg7 5. e4 d6 6. h3 0-0 7. Nf3 e6 8. Bd3 exd5 9. cxd5 Na6 10. 0-0 Nc7 11. Re1 Nd7 12. Bg5 f6 13. Be3 Rb8 14. a4 Ne5 15. Bf1 Nxf3+ 16. Qxf3 b6 17. Qg3 Rf7 18. Bf4 Bf8 19. Nb5 Ne8 20. Na3 a6 21. Rab1 Qd7 22. b4 cxb4 23. Rxb4 f5 24. Nc4 fxe4 25. Rxb6 Rxb6 26. Nxb6 Qf5 27. Nxc8 Qxc8 28. Rxe4 Nf6 29. Rc4 Qf5 30. Qd3 Qxd3 31. Bxd3 Nxd5 32. Bd2 Ne7 33. Rc7 Bg7 34. Bxa6 Bd4 35. Be3 Bxe3 36. fxe3 Kf8 37. Bd3 Ke8 38. a5 Kd8 39. Rb7 Rf6 40. a6 Nc8 41. a7 Nxa7 42. Rxa7 h6 43. Rg7 g5 44. Rg6 1-0

[Event "Lueneburg IM"]
[Site "Lueneburg"]
[Date "2017.07.08"]
[Round "1"]
[White "Grabarczyk, Miroslaw"]
[Black "Riess, Alexander"]
[Result "1-0"]
[WhiteElo "2447"]
[BlackElo "2321"]
[PlyCount "115"]
[EventDate "2017.07.08"]
[EventType "tourn"]
[EventRounds "9"]
[EventCountry "GER"]
[EventCategory "2"]
[SourceTitle "CBM 179 Extra"]
[Source "ChessBase"]
[SourceDate "2017.08.23"]
[SourceVersion "1"]
[SourceVersionDate "2017.08.23"]
[SourceQuality "1"]

1. d4 Nf6 2. c4 g6 3. Nf3 Bg7 4. g3 d5 5. cxd5 Nxd5 6. Bg2 Nb6 7. Nc3 Nc6 8. e3 0-0 9. 0-0 Re8 10. Re1 a5 11. Qe2 e5 12. Nxe5 Nxe5 13. dxe5 Bxe5 14. e4 Be6 15. f4 Bxc3 16. bxc3 Bd5 17. e5 Bxg2 18. Qxg2 Qd3 19. Qxb7 Nd5 20. Qc6 Rab8 21. Qc5 Nxc3 22. Qe3 Qc2 23. Qd2 Rb2 24. Qxc2 Rxc2 25. a4 Ne2+ 26. Kf1 Nd4 27. Be3 Nf3 28. Re2 Nxh2+ 29. Ke1 Rxe2+ 30. Kxe2 f6 31. Bg1 Rb8 32. Bxh2 Rb2+ 33. Kf3 Rxh2 34. exf6 Kf7 35. Rc1 Rd2 36. Rxc7+ Kxf6 37. Rc6+ Kf7 38. Rc5 Rd3+ 39. Kg4 Ra3 40. Rxa5 Kg7 41. Ra7+ Kh6 42. a5 Rb3 43. a6 Ra3 44. Kh3 Ra4 45. Kg2 Ra2+ 46. Kf3 Ra3+ 47. Ke4 Rxg3 48. Rb7 Ra3 49. a7 Kh5 50. Rxh7+ Kg4 51. Rf7 Ra1 52. Kd5 Rd1+ 53. Kc6 Rc1+ 54. Kb7 Rb1+ 55. Kc8 Ra1 56. Kb8 Rb1+ 57. Rb7 Rh1 58. Rb6 1-0